Pays en K - Statistiques

Statistiques générales
  • Ce quiz a été pris 86 fois
  • Le résultat moyen est 5 sur 6
Statistiques - réponses
Hint Réponse % Correct
Il se situe en Asie Kazakhstan
99%
Il se situe en Afrique Kenya
95%
Il se situe en Europe Kosovo
92%
Il se situe en Asie Koweït
81%
Il se situe en Océanie Kiribati
77%
Il se situe en Asie Kirghizistan
75%
Aucun quiz correspondant
Distribution des résultats
% des personnes avec chaque résultat
Percentile par nombre de réponses
Votre historique - résultats
Vous n’avez pas pris ce quiz